00233nam a2200085Ia 4500008004100000100001800041245003400059260004500093260000900138170620s9999 xx 000 0 und d aBansal- S. K. 0aInformation System Management bNew Delhi- A.P.H. Publishing corporation c2003